| 000 | 00336nam a22001217a 4500 | ||
|---|---|---|---|
| 020 | _a978-0-273-73186-3 | ||
| 082 | _a332.042 | ||
| 100 | _aBuckley, Adrian. | ||
| 245 |
_aInternational Finance: _bA Practical Perspective |
||
| 260 |
_aEdinburgh Gate: _bPearson Education Limited, _c2012. |
||
| 300 | _axvii, 652p.: ill.; 25cm | ||
| 942 | _cBK | ||
| 999 |
_c22117 _d22117 |
||